000 00781nam a22002417a 4500
999 _c65859
_d65859
005 20240530110846.0
008 201020s 2018ua h f b 000 0 ara d
017 _a2018/13154
_bمصر. دار الكتب
020 _a9789773641573
040 _aEG-CaGPL
_cEG-CaGPL
082 0 4 _221
_a726.2/
_bح م
100 0 _aحسين مؤنس
245 1 2 _aالمساجد /
_cحسين مؤنس
250 _aط.1
260 _aالقاهرة :
_bدار الرشاد،
_c2018.
300 _a495 ص :
_bايض ؛
_c24 سم.
504 _aيشتمل على ارجاعات ببليوجرافية
650 0 7 _2qrmak
_aالاثار
650 0 7 _2qrmak
_aالمساجد
650 0 7 _2qrmak
_aالمساجد
_xعمارة
942 _2ddc
_cBK